Statistics for World Countries and Capital Cities without a map

Click here to take the quiz!

General Stats

  • This quiz has been taken 22 times
  • The average score is 287 of 392

Answer Stats

Answer% Correct
Albania
100%
Austria
100%
Belarus
100%
Belgium
100%
Bosnia and Herzegovina
100%
Bulgaria
100%
Denmark
100%
Estonia
100%
Finland
100%
France
100%
Germany
100%
Greece
100%
Hungary
100%
Iceland
100%
Ireland
100%
Italy
100%
Kosovo
100%
Latvia
100%
Lithuania
100%
Malta
100%
Moldova
100%
Monaco
100%
Montenegro
100%
Netherlands
100%
North Macedonia
100%
Norway
100%
Romania
100%
Rome
100%
Serbia
100%
Sweden
100%
Tirana
100%
Ukraine
100%
United Kingdom
100%
Vatican City
100%
Amsterdam
91%
Andorra
91%
Athens
91%
Berlin
91%
Bratislava
91%
Brussels
91%
Bucharest
91%
Budapest
91%
Copenhagen
91%
Croatia
91%
Cyprus
91%
Czech Republic
91%
Dublin
91%
Helsinki
91%
Liechtenstein
91%
Lisbon
91%
Luxembourg
91%
Moscow
91%
Oslo
91%
Paris
91%
Poland
91%
Portugal
91%
Prague
91%
Reykjavik
91%
Riga
91%
Russia
91%
San Marino
91%
Sarajevo
91%
Slovakia
91%
Slovenia
91%
Sofia
91%
Tallinn
91%
Valletta
91%
Vienna
91%
Warsaw
91%
Zagreb
91%
Andorra la Vella
82%
Antigua and Barbuda
82%
Argentina
82%
Bahamas
82%
Barbados
82%
Belgrade
82%
Bolivia
82%
Brazil
82%
Canada
82%
Chile
82%
Chișinău
82%
Colombia
82%
Costa Rica
82%
Cuba
82%
Dominica
82%
Dominican Republic
82%
Ecuador
82%
El Salvador
82%
Guatemala
82%
Guatemala City
82%
Guyana
82%
Haiti
82%
Jamaica
82%
Kyiv
82%
London
82%
Madrid
82%
Minsk
82%
Nauru
82%
Nicaragua
82%
Nicosia
82%
Palau
82%
Panama
82%
Panama City
82%
Peru
82%
Pristina
82%
Saint Kitts and Nevis
82%
Saint Lucia
82%
Saint Vincent and the Grenadines
82%
Spain
82%
Stockholm
82%
Suriname
82%
Switzerland
82%
Tonga
82%
Trinidad and Tobago
82%
Turkey
82%
Tuvalu
82%
Vaduz
82%
Vanuatu
82%
Venezuela
82%
Vilnius
82%
Addis Ababa
73%
Afghanistan
73%
Algeria
73%
Angola
73%
Ankara
73%
Armenia
73%
Australia
73%
Azerbaijan
73%
Baku
73%
Bangladesh
73%
Beijing
73%
Beirut
73%
Belize
73%
Belmopan
73%
Benin
73%
Bern
73%
Bhutan
73%
Bogotá
73%
Botswana
73%
Brasília
73%
Bridgetown
73%
Buenos Aires
73%
Burkina Faso
73%
Cambodia
73%
Cape Verde
73%
Caracas
73%
Castries
73%
Central African Republic
73%
China
73%
Democratic Republic of the Congo
73%
Djibouti
73%
East Timor
73%
Equatorial Guinea
73%
Eritrea
73%
Eswatini
73%
Ethiopia
73%
Fiji
73%
Gambia
73%
Georgetown
73%
Georgia
73%
Ghana
73%
Grenada
73%
Guinea
73%
Guinea-Bissau
73%
Hanoi
73%
Harare
73%
Havana
73%
Honduras
73%
India
73%
Iran
73%
Iraq
73%
Islamabad
73%
Israel
73%
Ivory Coast
73%
Jakarta
73%
Japan
73%
Jerusalem
73%
Jordan
73%
Kabul
73%
Kazakhstan
73%
Kenya
73%
Kingston
73%
Kingstown
73%
Kuala Lumpur
73%
Kuwait
73%
Kuwait City
73%
Kyrgyzstan
73%
Laos
73%
Lebanon
73%
Lesotho
73%
Liberia
73%
Lima
73%
Ljubljana
73%
Malawi
73%
Malaysia
73%
Mali
73%
Manila
73%
Maputo
73%
Marshall Islands
73%
Mauritania
73%
Mauritius
73%
Mexico
73%
Mexico City
73%
Mongolia
73%
Morocco
73%
Mozambique
73%
Myanmar
73%
Namibia
73%
New Zealand
73%
Niger
73%
Nigeria
73%
North Korea
73%
Oman
73%
Pakistan
73%
Paraguay
73%
Philippines
73%
Podgorica
73%
Port-au-Prince
73%
Port Moresby
73%
Port-of-Spain
73%
Pretoria / Cape Town / Bloemfontein
73%
Qatar
73%
Quito
73%
Rwanda
73%
Samoa
73%
San José
73%
Santiago
73%
São Tomé
73%
São Tomé and Príncipe
73%
Saudi Arabia
73%
Senegal
73%
Seychelles
73%
Sierra Leone
73%
Skopje
73%
Solomon Islands
73%
Somalia
73%
South Africa
73%
South Korea
73%
Sri Lanka
73%
Suva
73%
Taipei
73%
Taiwan
73%
Tajikistan
73%
Tanzania
73%
Tashkent
73%
Thailand
73%
Togo
73%
Tokyo
73%
Tunis
73%
Tunisia
73%
Turkmenistan
73%
Uganda
73%
Ulaanbaatar
73%
United Arab Emirates
73%
United States
73%
Uruguay
73%
Uzbekistan
73%
Victoria
73%
Vietnam
73%
Yemen
73%
Abu Dhabi
64%
Abuja
64%
Accra
64%
Algiers
64%
Amman
64%
Apia
64%
Ashgabat
64%
Astana
64%
Asunción
64%
Baghdad
64%
Bahrain
64%
Bamako
64%
Bangui
64%
Bissau
64%
Brazzaville
64%
Brunei
64%
Burundi
64%
Cameroon
64%
Canberra
64%
Comoros
64%
Conakry
64%
Dakar
64%
Damascus
64%
Dhaka
64%
Dili
64%
Doha
64%
Gabon
64%
Honiara
64%
Indonesia
64%
Juba
64%
Kampala
64%
Kinshasa
64%
Kiribati
64%
La Paz / Sucre
64%
Libya
64%
Luanda
64%
Lusaka
64%
Maldives
64%
Managua
64%
Montevideo
64%
Muscat
64%
Nairobi
64%
Nassau
64%
Nepal
64%
New Delhi
64%
Niamey
64%
Papua New Guinea
64%
Praia
64%
Pyongyang
64%
Rabat
64%
Republic of the Congo
64%
Riyadh
64%
Roseau
64%
Saint John's
64%
Sana'a
64%
San Salvador
64%
Santo Domingo
64%
Seoul
64%
Singapore
64%
South Sudan
64%
Sudan
64%
Tehran
64%
Vientiane
64%
Washington D.C.
64%
Wellington
64%
Windhoek
64%
Yaoundé
64%
Zambia
64%
Zimbabwe
64%
Antananarivo
55%
Asmara
55%
Bangkok
55%
Basseterre
55%
Bishkek
55%
Cairo
55%
Chad
55%
Dushanbe
55%
Egypt
55%
Freetown
55%
Funafuti
55%
Khartoum
55%
Kigali
55%
Libreville
55%
Lilongwe
55%
Lomé
55%
Madagascar
55%
Manama
55%
Mbabane
55%
Mogadishu
55%
Monrovia
55%
Naypyidaw
55%
N'Djamena
55%
Paramaribo
55%
Phnom Penh
55%
Porto-Novo / Cotonou
55%
Saint George's
55%
Syria
55%
Thimphu
55%
Tripoli
55%
Yaren
55%
Yerevan
55%
Bandar Seri Begawan
45%
Banjul
45%
Dodoma
45%
Gaborone
45%
Gitega
45%
Kathmandu
45%
Majuro
45%
Malabo
45%
Malé
45%
Maseru
45%
Moroni
45%
Ngerulmud
45%
Nouakchott
45%
Nuku'alofa
45%
Ottowa
45%
Palikir
45%
Port Louis
45%
Port Vila
45%
Sri Jayawardenepura Kotte
45%
Tegucigalpa
45%
Ouagadougou
36%
South Tarawa
36%
Yamoussoukro
36%
Tblisi
27%
Federates States of Micronesia
9%

Score Distribution

Percentile by Number Answered

Percent of People with Each Score

Your Score History

You have not taken this quiz